<?xml version="1.0" encoding="UTF-8"?><?xml-stylesheet type="text/xsl" href="static/style.xsl"?><OAI-PMH xmlns="http://www.openarchives.org/OAI/2.0/" xmlns:xsi="http://www.w3.org/2001/XMLSchema-instance" xsi:schemaLocation="http://www.openarchives.org/OAI/2.0/ http://www.openarchives.org/OAI/2.0/OAI-PMH.xsd"><responseDate>2026-06-02T21:36:12Z</responseDate><request verb="GetRecord" identifier="oai:riuma.uma.es:10630/32999" metadataPrefix="marc">https://riuma.uma.es/rest/oai/request</request><GetRecord><record><header><identifier>oai:riuma.uma.es:10630/32999</identifier><datestamp>2026-02-03T11:24:16Z</datestamp><setSpec>com_10630_2254</setSpec><setSpec>col_10630_37953</setSpec></header><metadata><record xmlns="http://www.loc.gov/MARC21/slim" xmlns:dcterms="http://purl.org/dc/terms/" xmlns:doc="http://www.lyncode.com/xoai" xmlns:xsi="http://www.w3.org/2001/XMLSchema-instance" xsi:schemaLocation="http://www.loc.gov/MARC21/slim http://www.loc.gov/standards/marcxml/schema/MARC21slim.xsd">
   <leader>00925njm 22002777a 4500</leader>
   <datafield ind2=" " ind1=" " tag="042">
      <subfield code="a">dc</subfield>
   </datafield>
   <datafield ind2=" " ind1=" " tag="720">
      <subfield code="a">Macías-León, María Almudena</subfield>
      <subfield code="e">author</subfield>
   </datafield>
   <datafield ind2=" " ind1=" " tag="260">
      <subfield code="c">2008-06-28</subfield>
   </datafield>
   <datafield ind2=" " ind1=" " tag="520">
      <subfield code="a">La población roma/gitana se ha caracterizado por ser un pueblo nómada durante gran parte de su historia. Parece haber existido en ellos una tendencia a ampliar horizontes… La emigración amplía las perspectivas y con ello las posibilidades de alcanzar una vida mejor. La constante migratoria en la población roma/gitana podría interpretarse como una señal de la permanente búsqueda de unas mejores condiciones de vida. Otros autores, sin embargo, consideran esta movilidad como una estrategia utilizada para mantener su libertad y vitalidad cultural.&#xd;
Se han movido bastante dentro de sus propios países y también hacia el exterior durante décadas. Entre los factores que han configurado el flujo migratorio de la población gitana encontramos "factores push" ("de expulsión") y "factores pull" ("atrayentes"). Como factores push, tendríamos las políticas y acciones desarrolladas en los lugares de origen. Entre los factores pull o atrayentes encontraríamos una, al menos aparente, sociedad más tolerante y un sistema de protección social más desarrollado en los países de destino.&#xd;
Matras define al migrante gitano como "los miembros de la minoría étnica gitana que han dejado su país de residencia para buscar mejorar su  calidad de vida a medio o largo plazo, o un inmediato refugio.</subfield>
   </datafield>
   <datafield ind1="8" ind2=" " tag="024">
      <subfield code="a">1575-1988</subfield>
   </datafield>
   <datafield ind1="8" ind2=" " tag="024">
      <subfield code="a">https://hdl.handle.net/10630/32999</subfield>
   </datafield>
   <datafield tag="653" ind2=" " ind1=" ">
      <subfield code="a">Gitanos -- Rumanía</subfield>
   </datafield>
   <datafield tag="653" ind2=" " ind1=" ">
      <subfield code="a">Migraciones</subfield>
   </datafield>
   <datafield ind2="0" ind1="0" tag="245">
      <subfield code="a">Migraciones de los  roma/gitanos de Rumania</subfield>
   </datafield>
</record>
</metadata></record></GetRecord></OAI-PMH>